Top 10 European Capitals by Highest Population - Statistics

General Stats
  • This quiz has been taken 1,070 times
  • The average score is 9 of 10
Answer Stats
Population Capital % Correct
2 8,416,535 London
100%
3 3,562,166 Berlin
99%
1 12,197,596 Moscow
99%
4 3,165,235 Madrid
98%
7 2,241,346 Paris
98%
5 2,874,038 Rome
97%
10 1,805,681 Vienna
86%
6 2,848,597 Kiev
81%
9 1,924,425 Bucharest
79%
8 1,949,400 Minsk
68%
No matching quizzes found
Score Distribution
Percent of People with Each Score
Percentile by Number Answered
Your Score History
You have not taken this quiz